Wiskunde/ (Record no. 799010)

MARC details
000 -LEADER
fixed length control field 00533nam a22001817b 4500
003 - CONTROL NUMBER IDENTIFIER
control field 3228
005 - DATE AND TIME OF LATEST TRANSACTION
control field 20260527171145.0
008 - FIXED-LENGTH DATA ELEMENTS--GENERAL INFORMATION
fixed length control field 260513b sa ||||| |||| 00| 0 eng d
020 ## - INTERNATIONAL STANDARD BOOK NUMBER
International Standard Book Number 9780947465599
Qualifying information pbk
040 ## - CATALOGING SOURCE
Original cataloging agency RDA
Transcribing agency 3228
082 #0 - DEWEY DECIMAL CLASSIFICATION NUMBER
Classification number 510 BES
100 ## - MAIN ENTRY--PERSONAL NAME
Personal name Bester, EA
245 ## - TITLE STATEMENT
Title Wiskunde/
Statement of responsibility, etc. E A Bester.
260 ## - PUBLICATION, DISTRIBUTION, ETC.
Place of publication, distribution, etc. Cape Town:
Name of publisher, distributor, etc. Cambridge Univ Press;
Date of publication, distribution, etc. 2003.
300 ## - PHYSICAL DESCRIPTION
Extent 389 pages.:
Other physical details illustrations;
Dimensions 25 cm.
650 ## - SUBJECT ADDED ENTRY--TOPICAL TERM
Form subdivision Mathematics- problems, exercises, etc.
942 ## - ADDED ENTRY ELEMENTS
Source of classification or shelving scheme Dewey Decimal Classification
item type Book
-- 367
-- Ellen Msibi
-- 367
-- Ellen Msibi
Holdings
Withdrawn status Lost status Source of classification or shelving scheme Damaged status Not for loan Collection code Home library Current library Shelving location Date acquired Total Checkouts Full call number Barcode Date last seen Price effective from item type
    Dewey Decimal Classification     500: Science Secunda Secunda Non Fiction 13.05.2026   510 BES 020078 13.05.2026 13.05.2026 Book